| 000 | 00354nam a2200145Ia 4500 | ||
|---|---|---|---|
| 008 | 240624s9999 xx 000 0 und d | ||
| 041 | _aeng | ||
| 082 | _a332 LEV | ||
| 100 | _aLEVINSON MARC | ||
| 245 | _aGUIDE TO FINANCIAL MARKETS | ||
| 250 | _a(4th ed.) | ||
| 260 |
_c2008 _aNew Delhi _bViva Books |
||
| 300 | _a250 : p. : cm. ; 21 | ||
| 365 |
_cRS _b33 |
||
| 999 |
_c15042 _d15042 |
||